Statistiques concernant Drapeau ayant 5 couleurs

Cliquez ici pour prendre le quiz!

Statistiques générales

  • Ce quiz a été pris 31 fois
  • Le résultat moyen est 5 sur 17

Statistiques - réponses

Réponse% Correct
Seychelles
73%
Portugal
50%
Zimbabwe
46%
Tuvalu
38%
eSwatini
35%
Saint Christophe et Niévès
31%
Mozambique
27%
Vatican
27%
Centrafrique
23%
Comores
23%
Ouganda
23%
Turkmenistan
23%
Antigua et Barbuda
19%
Guyana
19%
Namibie
19%
Paraguay
15%
Republique Dominicaine
8%

Distribution des résultats

Percentile par nombre de réponses

% des personnes avec chaque résultat

Votre développement - résultats

Vous n’avez pas pris ce quiz